| 000 | 00683nam a2200217Ia 4500 | ||
|---|---|---|---|
| 001 | 17629 | ||
| 003 | GE_BSU | ||
| 008 | 181216s||||||||xx |||||||||||||| ||und|| | ||
| 040 | _cGE_BSU | ||
| 080 | _a629.33(035.5) | ||
| 100 | _aАфанасьев,Л.Л. Иларионов,В.А. Струве,Н.Э. Шестопалов,К.С. | ||
| 245 | _aСправочник автомобильного механика. | ||
| 250 | _aИзд. третье. | ||
| 260 | _aМ. | ||
| 260 | _bМашгиз. | ||
| 260 | _c1959. | ||
| 300 | _a891 стр. с илл. 25 см. | ||
| 300 | _eРис. | ||
| 653 | _aСправочник автомовильного механика. | ||
| 942 | _cBK | ||
| 999 |
_c50678 _d50678 |
||